Rezervácia ničoty

Bibliographic Details
Main Author: Brnčal, Miloš, 1948- (Author)
Format: Book
Language:Slovak
PhysicalDescription:236 s. 21 cm
Published: Bratislava Herold Business Mail 2001
ISBN:8096855409
Subjects:

MARC

LEADER 00000nam a2200000 a 4500
001 vtls001418955
003 SK-MaSNL
005 20260301012730.0
008 240801s2001 xo ra slo
015 |a SNBA2001/11-03879 
020 |a 8096855409 
035 |a SNK000373762 
035 |a urn:nbn:sk:snk-amkn9a 
035 |a urn:nbn:sk:snk-am0089jd 
035 |a 479ED37F-2EF0-4CD2-80B1-44C888969F7B 
040 |a SNK  |b slo  |c SNK  |e AACR2 
041 0 |a slo 
044 |a xo  |c SK 
080 |a 885.4-3  |2 1981 
100 1 |a Brnčal, Miloš,  |d 1948-  |4 aut  |9 251799 
245 1 0 |a Rezervácia ničoty  |c Miloš Brnčal 
260 |a Bratislava  |b Herold Business Mail  |c 2001 
300 |a 236 s.  |c 21 cm 
650 0 7 |a romány fantastické slovenské  |2 SNK  |9 298249 
655 7 |a umelecká literatúra  |2 SNK  |9 60405 
852 |a Slovenská národná knižnica 
919 |a 80-968554-0-9 
954 |a beletria pôvodná (slovenská)  |2 lita 
958 |a TL 
958 |a LX 
999 |c 554265  |d 556195 
952 |t P60, <03>, [BOOK], {603}  |a SNK  |b SNK  |y PREZ  |7 0  |p 17A0312040  |o snkSC 105768  |i snkKSP 9913/2001  |0 0  |1 0  |4 0  |d 2001-08-22  |f 1  |l 0  |r 2025-09-26 00:00:00  |w 2026-02-23 
952 |t P60, <04>, [BOOK], {604}  |a SNK  |b SNK  |y VYP  |7 0  |p 17A0312041  |o snkSC 105768 D1  |i snkKSP 9914/2001  |0 0  |1 0  |4 0  |d 2001-08-22  |l 0  |r 2005-01-02 00:00:00  |w 2026-02-23